Cómo reconocer estilos

שמור ב:
מידע ביבליוגרפי
מחבר ראשי: Canal, M. Fernanda (Author)
פורמט: ספר
שפה:ספרדית
יצא לאור: Barcelona Parramón 1998
מהדורה:2a. ed
סדרה:Manuales Parramón
נושאים:
תגים: הוספת תג
אין תגיות, היה/י הראשונ/ה לתייג את הרשומה!

MARC

LEADER 00000nam a2200000 a 4500
001 UCH6451
003 CL-VaPUC
008 091109e19980000SP |||||||||||||||||spa|d
020 |a 8434220857 
082 0 4 |a 730  |b CAN  |2 21 
100 0 |a Canal, M. Fernanda  |e author  |9 542983 
245 1 0 |a Cómo reconocer estilos 
250 |a 2a. ed 
300 |a 95 p 
942 |c BK 
945 |d 20091109 00:00:00  |a ccalabra 
260 |a Barcelona  |b Parramón  |c 1998 
650 0 |a Artes plásticas  |9 268637 
650 7 |a PINTURA ANTIGUA  |2 CL-VaPUC  |9 332660 
650 0 |a Pintura barroca   |9 266157 
650 7 |a PINTURA CLASICA  |2 CL-VaPUC  |9 440666 
650 0 |a Pintura contemporánea  |9 341274 
650 0 |a Romanticismo   |9 266698 
583 |a last modification  |c 20091109 00:00:00  |k Rodrigo Vera 
490 0 |a Manuales Parramón 
999 |c 337334  |d 337332